| 000 | 00377nam a2200109Ia 4500 | ||
|---|---|---|---|
| 008 | 171205s9999 xx 000 0 und d | ||
| 020 | _a9789715428149 | ||
| 100 | _aGuda, Kenneth Roland A. | ||
| 245 |
_cKenneth Roland A. Guda _aPeryodismo sa Bingit Mga naratibong ulat sa panahon ng digmaan at krisis |
||
| 260 |
_bUniversity of the Philippines Press _c2016 |
||
| 300 | _a175 pages | ||
| 999 |
_c347355 _d347355 |
||